00368 a2200133 4500003000400000005001700004008004100021020001800062040000900080082001800089245007700107260003300184300001700217OSt20231028110013.0231028b |||||||| |||| 00| 0 eng d a9788126450964 coclc a320.09bHAM/E a EKEEKRUTHA CIVILCODE AKAVUM PURAVUM /cEdited by Hameed Chennamangaloor aKottayam:bD C Books,c2023. a112 pc21 cm